State and society in North-East India: (Record no. 17108)
[ view plain ]
| 000 -LEADER | |
|---|---|
| fixed length control field | 00876nam a22002177a 4500 |
| 005 - DATE AND TIME OF LATEST TRANSACTION | |
| control field | 20081020122038.0 |
| 008 - FIXED-LENGTH DATA ELEMENTS--GENERAL INFORMATION | |
| fixed length control field | 081020t xxu||||| |||| 00| 0 eng d |
| 010 ## - LIBRARY OF CONGRESS CONTROL NUMBER | |
| LC control number | ENG-84144 |
| 020 ## - INTERNATIONAL STANDARD BOOK NUMBER | |
| International Standard Book Number | 8189233335 |
| 020 ## - INTERNATIONAL STANDARD BOOK NUMBER | |
| Terms of availability | 600.00 (hb) |
| 035 ## - SYSTEM CONTROL NUMBER | |
| System control number | EN-67677 |
| 082 ## - DEWEY DECIMAL CLASSIFICATION NUMBER | |
| Classification number | 331.62095451 / PUR |
| 100 ## - MAIN ENTRY--PERSONAL NAME | |
| Personal name | Purnendu Kumar |
| 245 ## - TITLE STATEMENT | |
| Title | State and society in North-East India: |
| Remainder of title | a study of immigrant tea plantation labourers / |
| Statement of responsibility, etc | by Purnendu Kumar |
| 260 ## - PUBLICATION, DISTRIBUTION, ETC. (IMPRINT) | |
| Place of publication, distribution, etc | New Delhi |
| Name of publisher, distributor, etc | Regency Publications |
| Place of manufacture | 20/36-G, Old Market, West Patel Nagar, New Delhi-110008 |
| 260 ## - PUBLICATION, DISTRIBUTION, ETC. (IMPRINT) | |
| Date of publication, distribution, etc | 2006 |
| 300 ## - PHYSICAL DESCRIPTION | |
| Extent | xx,225p |
| Dimensions | 22cm |
| 500 ## - GENERAL NOTE | |
| General note | Includes bibliographical references and index |
| 942 ## - ADDED ENTRY ELEMENTS (KOHA) | |
| Source of classification or shelving scheme | Dewey Decimal Classification |
| Koha item type | English Books |
| Classification part | 331.62095451 |
| Call number suffix | PUR |
| Withdrawn status | Lost status | Source of classification or shelving scheme | Damaged status | Not for loan | Home library | Current library | Date acquired | Cost, normal purchase price | Total Checkouts | Full call number | Barcode | Date last seen | Cost, replacement price | Price effective from | Koha item type |
|---|---|---|---|---|---|---|---|---|---|---|---|---|---|---|---|
| Dewey Decimal Classification | Not For Loan | D.B.Act.Division | D.B.Act.Division | 26/02/2007 | 600.00 | 331.62095451 PUR | EN-67677 | 21/10/2008 | 600.00 | 21/10/2008 | English Books |
